Ambient monitoring a potential approach to enhancing employee performance and productivity : [abstract] /

Elmentve itt :
Bibliográfiai részletek
Szerzők: Samardžić Cvijanović Selena
Lončarević Ivana
Lakatoš Robert
Testületi szerző: 31th International Symposium on Analytical and Environmental Problems
Dokumentumtípus: Könyv része
Megjelent: University of Szeged Szeged 2025
Sorozat:Proceedings of the International Symposium on Analytical and Environmental Problems 31
Kulcsszavak:Munkahelyi teljesítmény - előadáskivonat, Termelékenység - foglalkoztatás - előadáskivonat
Tárgyszavak:
Online Access:http://acta.bibl.u-szeged.hu/88739
LEADER 01199naa a2200253 i 4500
001 acta88739
005 20251111145659.0
008 251111s2025 hu o 100 eng d
020 |a 978-963-688-078-1 
040 |a SZTE Egyetemi Kiadványok Repozitórium  |b hun 
041 |a eng 
100 2 |a Samardžić Cvijanović Selena 
245 1 0 |a Ambient monitoring  |h [elektronikus dokumentum] :  |b a potential approach to enhancing employee performance and productivity : [abstract] /  |c  Samardžić Cvijanović Selena 
260 |a University of Szeged  |b Szeged  |c 2025 
300 |a 384 
490 0 |a Proceedings of the International Symposium on Analytical and Environmental Problems  |v 31 
650 4 |a Társadalomtudományok 
650 4 |a Közgazdasági és gazdálkodástudományok 
650 4 |a Szociológia 
695 |a Munkahelyi teljesítmény - előadáskivonat, Termelékenység - foglalkoztatás - előadáskivonat 
700 0 1 |a Lončarević Ivana  |e aut 
700 0 1 |a Lakatoš Robert  |e aut 
711 |a 31th International Symposium on Analytical and Environmental Problems  |c Szeged  |d 2025. október 13-14. 
856 4 0 |u http://acta.bibl.u-szeged.hu/88739/1/proceedings_of_isaep_2025_384.pdf  |z Dokumentum-elérés